| 000 | 00788nam a2200241 a 4500 | ||
|---|---|---|---|
| 001 | 9608 | ||
| 003 | CO-ViMGA | ||
| 008 | 141112s2004 ck r 000 u spa d | ||
| 020 | _a9589234038 | ||
| 040 |
_aCO-ViMGA _bspa _cCO-ViMGA |
||
| 082 | 0 | 4 | _a344.04632 B737 |
| 100 | 1 |
_aBorrero Navia ; Jose M., _911054 |
|
| 245 | 1 | 0 |
_aLos Derechos Ambientales : _bUna visión desde el sur / _cJose M. Borrero Navia |
| 260 |
_aCali : _bCELA, _c1994 |
||
| 300 | _a284p. | ||
| 650 | 1 | 4 |
_aCRIMINOLOGIA Y ECOLOGIA _911055 |
| 650 | 1 | 4 |
_aDERECHO AMBIENTALES EN América LATINA _911056 |
| 650 | 1 | 4 |
_aDERECHO EN ASIA _911057 |
| 650 | 1 | 4 |
_aEL PLANETA AGUA _911058 |
| 650 | 1 | 4 |
_aLOS DERECHOS AMBIENTALES _911059 |
| 650 | 1 | 4 |
_aRECONOCIMIENTO INTERNACIONAL DE LOS DERECHOS AMBIENTALES _911060 |
| 942 |
_2ddc _cBK |
||
| 999 |
_c21086 _d21086 |
||